000 00265nam a2200121Ia 4500
008 190216s9999||||xx |||||||||||||| ||und||
100 _aGangadar Mehar
245 0 _aHindi-Thabaswini
260 _bRajadhani
_c2005
300 _a138
650 _aHindi
942 _cBK
999 _c16709
_d16709